000 00419nam a2200181Ia 4500
005 20250603145515.0
008 250603s9999 xx 000 0 und d
020 _a9781498426756
050 _aTN 870.5 .O73/
100 _aOrajaka, Ifeanacho
245 0 _aPetroleum geology for geoscientists
260 _aU.S.A
260 _bXulon Press
260 _c2015
300 _a577 p
650 _aU.S.A
942 _cBK
999 _c42058
_d42058